Raboty po seľskomu chozjajstvu i lesovodstvu.

Uložené v:
Podrobná bibliografia
Hlavný autor: Mendelejev, Dmitrij Ivanovič, 1834-1907 (Author)
Médium: Kniha
Jazyk:Slovak
Vydané: Moskva, 1954.
Fyzický popis: 620 s.
Tagy: Pridať tag
Žiadne tagy, Buďte prvý kto otaguje tento záznam!

MARC

LEADER 00000nam a22000004a 4500
001 000601034
005 20181127093800.0
008 181127s1954 xo e 000 0 slo d
040 |a SVKKK  |b slo  |c SVKKK  |e AACR2 
100 1 |a Mendelejev, Dmitrij Ivanovič,  |d 1834-1907  |4 aut 
245 1 0 |a Raboty po seľskomu chozjajstvu i lesovodstvu. 
260 |a Moskva,  |c 1954. 
300 |a 620 s. 
500 |a Záznam revízie 
910 |a svkkk 
998 |a BK 
090 |g SCKHL  |k Sklad Pribinova 2. posch.  |a III.21003  |j 101177  |i 2720587579  |4 Vyradená  |s Vyradená